PREMALEKHANAM (Record no. 8603)
[ view plain ]
| 000 -LEADER | |
|---|---|
| fixed length control field | 00300nam a22001337a 4500 |
| 082 ## - DEWEY DECIMAL CLASSIFICATION NUMBER | |
| Classification number | 894.812.3 |
| Item number | BAS/P |
| 100 ## - MAIN ENTRY--AUTHOR NAME | |
| Personal name | BASHEER,MUHAMMAD |
| 245 ## - TITLE STATEMENT | |
| Title | PREMALEKHANAM |
| 246 ## - VARYING FORM OF TITLE | |
| Title proper/short title | PREMALEKHANAM |
| Remainder of title | PREMALEKHANAM |
| 260 ## - PUBLICATION, DISTRIBUTION, ETC. (IMPRINT) | |
| Place of publication | KOTTAYAM |
| Name of publisher | D C |
| Year of publication | 2022 |
| 300 ## - PHYSICAL DESCRIPTION | |
| Number of Pages | 55 |
| 650 ## - SUBJECT ADDED ENTRY--TOPICAL TERM | |
| Topical Term | MALAYALAM NOVEL |
| 942 ## - ADDED ENTRY ELEMENTS (KOHA) | |
| Koha item type | Books |
No items available.